Click to Translate - Walloon - Statistics

General Stats
  • This quiz has been taken 696 times
  • The average score is 14 of 20
Answer Stats
Hint Answer % Correct
Night Nute
91%
Fish Pexhon (Pèhon EW, Pèchon CW)
88%
Five Cénk
87%
No Nèni
87%
Hello Bondjoû
86%
Prison Prijhon (Prîjon CW)
83%
Table Tåve
82%
January Djanvîr
79%
Cold Froed (Freûd EW, Frwèd OW)
78%
Eat Magnî (Mougnî CW)
76%
Swim Nedjî
70%
Thursday
Djudi
68%
Yellow Djaene (Djane CW)
65%
Sand Såvlon
64%
Town Vèye
62%
Tree Åbe (Aube OW)
61%
Goodbye Arvèy
60%
Castle Tchestea (Tchèstia CW)
34%
Here Chal
25%
Cup Djate (Jate CW)
17%
No matching quizzes found
Score Distribution
Percent of People with Each Score
Percentile by Number Answered
Your Score History
You have not taken this quiz